LEADER 01206cam0 2200349 450 001 000002235 005 20081128092606.0 010 $a88-15-07178-4 100 $a20001205d1999----km-y0itay50------ba 101 0 $aita 102 $aIT 105 $aa-------001yy 200 1 $aOrganizzazione e comportamento economico$fAnna Grandori 210 $aBologna$cIl Mulino$d1999 215 $a573 p.$cill.$d24 cm 225 2 $aStrumenti$iEconomia 305 $aEd. ampliata di: L'organizzazione delle attivitą economiche dello stesso autore. 410 0$12001$aStrumenti 500 10$aOrganizzazione e comportamento economico$952794 610 1 $aAziende$aOrganizzazione 610 1 $aOrganizzazioni$aTeorie 676 $a658.402$v21$9Gestione esecutiva. Organizzazione interna 700 1$aGrandori,$bAnna$089594 801 0$aIT$bUNIPARTHENOPE$gRICA$2UNIMARC 912 $a000002235 951 $a658-O/10$b34053$cNAVA1$d20001211 951 $a658-O/10 (1)$b39516$cNAVA1$d2007 951 $a511/21.$b9864$cNAVA2$d20021028 951 $aW-0099$b40058$cNAVA3$d20080129 951 $aP1 658-O/20$b40057$cNAVA1$d2007 996 $aOrganizzazione e comportamento economico$952794 997 $aUNIPARTHENOPE LEADER 01703nam0 22003733i 450 001 VIA0099840 005 20231121125926.0 100 $a20051130d1948 ||||0itac50 ba 101 | $aita 102 $ava 181 1$6z01$ai $bxxxe 182 1$6z01$an 200 1 $aGuida breve generale ai musei e alle gallerie di pittura del Vaticano, del Laterano e della Biblioteca vaticana$f[S.n.] 210 $aCitta del Vaticano$c[s.n.]$d1948 215 $a271 p.$d45 p. di tav., 16 piante 12 figure : ill. ; 18 cm 225 | $aMonumenti, musei e gallerie pontificie 410 0$1001UMC1009547$12001 $aMonumenti, musei e gallerie pontificie$171202$aMusei vaticani$3RMLV060014 606 $aCittą del Vaticano$xBiblioteca apostolica vaticana$xGuide$2FIR$3RMLC422403$9I 606 $aCittą del Vaticano$xMusei$xGuide$2FIR$3RMLC422404$9I 606 $aCittą del Vaticano$xGallerie d'arte$xGuide$2FIR$3RMLC422405$9I 606 $aRoma$xMusei Vaticani$xGuide$2FIR$3RMLC104813$9I 606 $aRoma$xMuseo lateranense$xGuide$2FIR$3RMLC279751$9I 676 $a027.545634$9$v21 676 $a069.0945634$9$v21 676 $a708.0945634$9$v21 801 3$aIT$bIT-01$c20051130 850 $aIT-RM0211 $aIT-FR0017 899 $aFondazione Marco Besso$bRM0211 899 $aBiblioteca umanistica Giorgio Aprea$bFR0017 $eN 912 $aVIA0099840 950 0$aBiblioteca umanistica Giorgio Aprea$d 52DSR A 4$e 52FLS0000317185 VMB RS $fA $h20141016$i20141016 977 $a 14$a 52 996 $aGuida breve generale ai musei e alle gallerie di pittura del Vaticano, del Laterano e della Biblioteca vaticana$93643751 997 $aUNICAS